| 000 | nam a22 a 4500 | ||
|---|---|---|---|
| 999 |
_c136551 _d136551 |
||
| 003 | BLK | ||
| 005 | 20201020154632.0 | ||
| 008 | 180409b bul|||||r ||||||| ||bul|| | ||
| 010 | _aKNG00142497000 | ||
| 040 | _aBLK | ||
| 041 |
_aFRE _cFRE |
||
| 072 | 7 |
_2bullib _aЦ _xРедки и ценни |
|
| 080 |
_aБезсъзнателно и подсъзнателно _b159.964 _z159.964 |
||
| 100 | 1 |
_aSchmidt, Oscar _eпърви автор _9325398 |
|
| 139 |
_aSchmidt, Oscar _bS 34 |
||
| 245 | 1 | 0 |
_aLes sciences naturelles et la philosophie de l'inconscient _bPrecede d'une Etude critique sur la philosophie de l'inconscient _cOscar Schmidt; trad. de l'allem. Jules Soury; съавт. Edouard Meyer. |
| 257 | _aFRA | ||
| 260 |
_aParis _bLibr. Germer Bailliere _c1879 |
||
| 300 |
_aХХХVІІ, 169, 16 с. _c18 см |
||
| 380 | _a1 | ||
| 490 |
_9435080 _aКолекция Редки и ценни издания |
||
| 650 | 4 |
_aПодсъзнание _9166639 |
|
| 650 | 4 |
_aЕстествени науки - философия _9325366 |
|
| 653 | _aподсъзнание | ||
| 653 | _aестествени науки | ||
| 659 | _aЦ | ||
| 700 | 1 |
_aSoury, Jules _etrad. de l'allem. _924828 |
|
| 700 | 1 |
_aMeyer, Edouard _eсъавт. _9325399 |
|
| 852 |
_aРф 879 _bРц |
||
| 856 | 4 | _qpdf | |
| 856 | 4 | _qpdf | |
| 942 |
_cKNG _n0 _s1 |
||
| 944 |
_aCR _c29.04.2013 _kНаталия_Медовщикова |
||
| 944 |
_aED _c07.05.2013 |
||
| 999 | _d136551 | ||